000 01397cam a22004334i 4500
003 PE-LiUPU
005 20250731173451.0
008 150616s r 000 0 d
020 _a0687287510
035 _a(Sirsi) i9780687287512
040 _aPE-LiUPU
_bspa
_cPE-LiUPU
_erda
049 _aPRUA
082 0 4 _a221.61
_bC886o
_223
100 1 _aCraigie, Peter C.,
_eautor.
245 1 4 _aThe Old Testament; Its Background, Growth, and Content /
_cPeter C. Craige.
264 1 _aNashville :
_bAbingdon Press,
_c1986.
300 _a351 páginas :
_bIlustraciones (fotos, mapas) ;
_c23 centímetros
336 _atext
_2rdacontent
337 _aunmediated
_2rdamedia
338 _avolume
_2rdacarrier
505 0 _aThe background of the Old Testament Period -- The books of the Old Testament -- The content of the Old Testament.
526 _aSEG42
526 _aSEG41
526 _aSEG40
526 _aSEG39
526 _aP94
526 _aP87
526 _aP86
526 _aP85
526 _aP77
526 _aP76
526 _aP35
630 1 4 _aBiblia
_xIntroducciones.
_92045
910 _ajck
942 _2ddc
_cBK
949 _a221.61 C84
_wDEWEY
_c1
_i39839
_lCCODEBUL1
_mBUL
_r0
_sY
_tBOOK
_u2015-6-16
_xTEOLOGIA
_zUNKNOWN
_0COMPRA
_o.STAFF. Colección General
980 _81
_gALBERTO SANCHEZ Responsable de Automatización
999 _c57611
_d57611